Music Quiz

Random Music or Classical Quiz

Classical Guitar Parts Quiz Stats

 Plays Quiz Updated Mar 6, 2019

Score 0/11 Timer 04:00
11 Plays Today
% Correct
Neck
91.1%
Fret
89.1%
Strings
88.7%
Body
85.5%
Head
78.1%
Bridge
66.2%
Tuning Pegs
56.5%
Fingerboard
51.2%
Soundhole
45%
Nut
40.6%
Soundboard
20%

You're not logged in!

Compare scores with friends on all Sporcle quizzes.
OR
Log In

Sporcle TV

Today on Sporcle TV


Watch our educational content, quiz creation guides, and fun videos on Sporcle TV.

Show Comments

Extras

Top Quizzes Today


Score Distribution

Your Account Isn't Verified!

In order to create a playlist on Sporcle, you need to verify the email address you used during registration. Go to your Sporcle Settings to finish the process.

Report this User

Report this user for behavior that violates our Community Guidelines.

Details: